Opravné položky a ich oceňovanie v účtovníctve bakalárska práca

Salvato in:
Dettagli Bibliografici
Autore principale: Cabanová, Mária
Ente Autore: Fakulta hospodárskej informatiky EU. Katedra účtovníctva a audítorstva
Altri autori: Szász, Marek
Natura: Libro
Lingua:slovacco
Pubblicazione: Bratislava 2017
Tags: Aggiungi Tag
Nessun Tag, puoi essere il primo ad aggiungerne!!

MARC

LEADER 00000nbm a2200000 4500
001 0235500
005 20180412130924.2
041 0 |a slo 
044 |a SK 
245 1 0 |a Opravné položky a ich oceňovanie v účtovníctve  |b bakalárska práca  |c Mária Cabanová ; školiteľ: Marek Szász 
264 1 |a Bratislava  |c 2017 
300 |a 40 s. 
100 1 |a Cabanová, Mária 
700 1 |a Szász, Marek 
710 2 |a Fakulta hospodárskej informatiky EU. Katedra účtovníctva a audítorstva